1732 1664 1096 1202 1592 1582 1335 1658 1828 1367 1763 1483 1060 1095 1904 1028 1433 1641 1406 1764 1842 1615 1113 1578 1078 1758 1881 1570 1467 2000 1773 1006 1721 1735 1491 1125 1845 1510 1012 1900 1033 1931 1898 1855 1166 1736 1883 1143 1390 1730 1377 1214 1595 1179 1812 1698 1736 1759 1129 1999 1468 1234 1477 1954 1256 1748 1538 1855 1686 1740 1112 1342 1066 1481 1716 1491 1215 1534 1103 1559 1170 1993 1268 1841 1881 1451 1017 1841 1895 1279 1802 1794 1496 1709 1815 1960 1575 1693 1800 BCNSPRNW ULIB Ver.6.0+V

เปลี่ยนเป็นภาษาไทย

Change to English
 แสดงรายละเอียดบรรณานุกรม
  กลับหน้าหลัก

Brief Record : Get Marc (ISO 2709) : E-mail record : QR code < ปิดหน้าต่าง
LEADER : 00000nam 2200000uu 4500
001    13399124998
003     ULIB
008    020711s2557 th a 000 0 tha d
020    9786167388700
060    WS100^bท589
110    วิทยาลัยแพทยศาสตร์พระมงกุฏเกล้า^bโครงการตำรา
245    Textbook of Pediatrics /^cโครงการตำรา วิทยาลัยแพทยศาสตร์พระมงกุฏเกล้า
250    พิมพ์ครั้งที่ 1
260    กรุงเทพฯ :^bโครงการตำรา วิทยาลัยแพทยศาสตร์พระมงกุฏเกล้า,^c2557
300    1026 หน้า;^b26 ซม.
650    กุมารเวชศาสตร์
650    เด็ก^xโรค
700    กิตติ ต่อจรัส
700    ดุสิต สถาวร
700    สนิตรา ศิริธางกุล
700    อังคณา เก่งสกุล
945    ^p900^l0^i23730
รายการนี้ยังไม่มีแท็ก
คุณยังไม่ได้ล็อกอิน คุณสามารถมีกิจกรรมร่วมกับเว็บไซต์ได้ แต่ต้องล็อกอินก่อน ::
  ล็อกอิน

รายการสื่อสารสนเทศ

ลำดับที่ ประเภท เลขเรียก/บาร์โค้ด สถานที่ สถานะ
1. วิทยาศาสตร์การแพทย์ และสุขภาพ
วิทยาศาสตร์การแพทย์ และสุขภาพ
สถานะ=หนังสือเก่า
WS100 ท589 ฉ.1 
  Barcode: 23730
ห้องสมุดวิทยาเขตนครสวรรค์
►ส่วนจัดเก็บหนังสือเก่า นว.
บนชั้น
  ขอยืม

รายการใกล้เคียง
    หัวเรื่อง [กุมารเวชศาสตร์]

BibComment


ยังไม่เคยถูกคอมเมนท์

คอมเมนท์ทรัพยากรรายการนี้
  คอมเมนท์: Textbook of Pedia..


 Copyright 2026. Bcnsprnw @Library